| 000 | 00952nam a2200241Ia 4500 | ||
|---|---|---|---|
| 003 | OSt | ||
| 005 | 20220923212326.0 | ||
| 006 | a|||||r|||| 00| 0 | ||
| 007 | ta | ||
| 008 | 220922b |||||||| |||| 00| 0 hin d | ||
| 024 | _a152,261 | ||
| 037 | _cTextual | ||
| 040 |
_aARTS _cARTS _bhin |
||
| 041 |
_2hin _ahin |
||
| 082 | _aN.2.A, 152J2(=) | ||
| 100 | _aद्विवेदी, हजारी प्रसाद | ||
| 245 | 0 | _aप्राचीन भारत के कलात्मक विनोद | |
| 246 | _aPrāchīn bhārat ke kalātmak vinoda | ||
| 260 |
_aधीरूभार्इ्र दलाल _b हिन्दी र्गनथरत्नाकर कार्याल बम्बइ _c1952 |
||
| 650 |
_aभारतीय चित्रकला _9157954 |
||
| 942 |
_hN.2.A, 152J2(=) _cTEXL _2CC |
||
| 999 |
_c307910 _d307910 |
||